Analysis at Urbana

Αποθηκεύτηκε σε:
Λεπτομέρειες βιβλιογραφικής εγγραφής
Συγγραφή απο Οργανισμό/Αρχή: Special Year in Modern Analysis
Άλλοι συγγραφείς: Berkson, E. (Earl) (Επιμελητής έκδοσης), Peck, Newton Tenney 1937- (Επιμελητής έκδοσης), Uhl, J. J. (J. Jerry) (Επιμελητής έκδοσης)
Μορφή: Βιβλίο
Γλώσσα:English
Δημοσίευση: Cambridge ; New York : Cambridge University Press, 1989.
Σειρά:London Mathematical Society lecture note series ; 137-138
Θέματα:
Ετικέτες: Προσθήκη ετικέτας
Δεν υπάρχουν, Καταχωρήστε ετικέτα πρώτοι!

MARC

LEADER 00000cam a2200000 i 4500
001 1/29440
008 960628s1989####enk| ||| |||| ||eng||
020 |a 0521364361  
020 |a 052136437X  
035 |l 10038321 
035 |a 1995 
040 |a GR-MyUA  |b gre  |e AACR2 
041 0 |a eng 
082 0 |a 515   |2 (20) 
110 1 |a Special Year in Modern Analysis. 
245 1 0 |a Analysis at Urbana /   |c edited by E. Berkson, T. Peck & J. Uhl.  
260 |a Cambridge ;   |a New York :   |b Cambridge University Press,   |c 1989.  
300 |a 2 τ. ;   |c 23 εκ.  
490 1 |a (London Mathematical Society lecture note series   |v ; 137-138)  
500 |a %5EProceedings of the Special Year in Modern Analysis at the University of Illinois, 1986-87%5E--Cover 
504 |a Περιέχει βιβλιογραφικές αναφορές.  
505 0 |a Τ. 1. Analysis in Function Spaces -- τ. 2. Analysis in Abstract Spaces.  
650 0 0 |a Mathematical analysis  |x Congresses. 
700 1 |a Berkson, E.   |q (Earl)  |e edt 
700 1 |a Peck, Newton Tenney  |d 1937-  |e edt 
700 1 |a Uhl, J. J.   |q (J. Jerry)  |e edt 
740 0 2 |a Analysis in Function Spaces 
740 0 2 |a Analysis in Abstract Spaces 
830 0 |a London Mathematical Society lecture note series ;  |v  137-138 
852 |a INST  |b SAMOS  |e 19960628  |h 515 SPE  |p 005300005390  |q 005300005390  |t BK  |y 0  |z v.2 
852 |a INST  |b SAMOS  |e 19960628  |h 515 SPE  |p 005300005393  |q 005300005393  |t BK  |y 0  |z v.1 
852 |a INST  |b SAMOS  |e 19960628  |h 515 SPE  |p 005300005390  |q 005300005390  |t BK  |v v.2:  |y 0  |z v.2 
852 |a INST  |b SAMOS  |e 19960628  |h 515 SPE  |p 005300005393  |q 005300005393  |t BK  |v v.1:  |y 0  |z v.1 
853 |a INST  |b SAMOS  |h 515 SPE 
909 |a Σ  |b 041369 
909 |a Σ  |b 041370